000
00297nam a22001337a 4500
008
170405b xxu||||| |||| 00| 0 eng d
020
_a
0891181164
041
_a
eng
080
_a
574
100
_a
9
101
_a
shm
245
_a
SOIL SPECIFIC CROP MANAGMENT
_c
LARSON,.W.E
942
_2
udc
_c
BK
999
_c
9777
_d
9777